Welcome to WEB OPAC of MRSPTU Central Library

Real time system (Record no. 4701)

MARC details
000 -LEADER
fixed length control field 00352nam a2200157Ia 4500
008 - FIXED-LENGTH DATA ELEMENTS--GENERAL INFORMATION
fixed length control field 230711s9999||||xx |||||||||||||| ||und||
041 ## - LANGUAGE CODE
Language code of text/sound track or separate title ENG
082 ## - DEWEY DECIMAL CLASSIFICATION NUMBER
Classification number 4
Item number LI-R
100 ## - MAIN ENTRY--PERSONAL NAME
Personal name Liu,Jane WS
245 #0 - TITLE STATEMENT
Title Real time system
250 ## - EDITION STATEMENT
Edition statement 1st Ed.
260 ## - PUBLICATION, DISTRIBUTION, ETC.
Date of publication, distribution, etc. 2007
Place of publication, distribution, etc. New Delhi
Name of publisher, distributor, etc. Pearson
300 ## - PHYSICAL DESCRIPTION
Extent 624
650 ## - SUBJECT ADDED ENTRY--TOPICAL TERM
Topical term or geographic name entry element Computer Engineering
942 ## - ADDED ENTRY ELEMENTS (KOHA)
Koha item type Book
Holdings
Withdrawn status Lost status Damaged status Not for loan Collection Home library Current library Date acquired Total checkouts Full call number Barcode Date last seen Price effective from Koha item type Date last checked out
          MRSPTU Central Library MRSPTU Central Library     4 LI-R 16461 08/17/2023 08/17/2023 Book  
          MRSPTU Central Library MRSPTU Central Library     4 LI-R 16462 03/07/2024 08/17/2023 Book  
          MRSPTU Central Library MRSPTU Central Library     4 LI-R 16463 03/07/2024 08/17/2023 Book  
          MRSPTU Central Library MRSPTU Central Library     4 LI-R 16464 03/07/2024 08/17/2023 Book  
          MRSPTU Central Library MRSPTU Central Library     4 LI-R 16465 03/07/2024 08/17/2023 Book  
          MRSPTU Central Library MRSPTU Central Library     4 LI-R 16466 03/07/2024 08/17/2023 Book  
          MRSPTU Central Library MRSPTU Central Library   1 4 LI-R 16467 03/05/2026 08/17/2023 Book 02/23/2026
          MRSPTU Central Library MRSPTU Central Library     4 LI-R 16468 03/07/2024 08/17/2023 Book  
          MRSPTU Central Library MRSPTU Central Library     4 LI-R 16469 08/17/2023 08/17/2023 Book  
          MRSPTU Central Library MRSPTU Central Library     4 LI-R 16470 03/07/2024 08/17/2023 Book  

Website Designed and Developed by MRSPTU Central Library Team

E-mail Id: librarian@mrsptu.ac.in